• 首页
  • 本馆介绍
  • 公告通知
  • 最新文献
  • 馆藏检索
  • 电子资源
  • 读者导购
  • 参考咨询
  • 我的图书馆
  • 登录
  • 详细信息显示
  • 放入我的书架
  • 预约/预借图书
  • 作者相关作品
  • 分类相关作品
  • 丛书相关作品
  • 出版社相关作品

书目信息

  • 表格格式
  • 工作单格式
  • 卡片格式
题名:
文献编目概论
    
 
作者: 谢宗昭 主编
分册:  
出版信息: 南京   南京大学出版社  1990.6
页数: 557页
开本: 20cm
丛书名:
单 册:
中图分类: G254.3
科图分类:
主题词: 图书编目--概论
电子资源:
ISBN: 7-305-00634-3
000 00643nam0 2200229 45
001 0191024360
005 20061028151847.84
010    @a7-305-00634-3@dCNY3.95
100    @a19911012d1990 em 0chiy0121 ya
101 0  @achi
102    @aCN@b320000
105    @aay z 000y
106    @ay
200 10 @a文献编目概论@AWEN XIAN BIAN MU GAI LUN@f谢宗昭主编@FXIE ZONG ZHAO ZHU BIAN
210    @a南京@c南京大学出版社@d1990.6
215    @a557页@d20cm
540 1  @a文献 编目@AWEN XIAN BIAN MU
606    @a图书编目@x概论
690    @aG254.3
701  0 @a谢宗昭@AXIE ZONG ZHAO@4主编
801  0 @aCN@bTSSF@c20061028
905    @a10447@dG254.3@e48
    
    文献编目概论/谢宗昭主编.-南京:南京大学出版社,1990.6
    557页;20cm
    
    
    ISBN 7-305-00634-3:CNY3.95
    
●
相关链接 在E读中查询图书 在五车中查询图书 在当当中查询图书 在豆瓣中查询图书


正题名:文献编目概论     索取号:G254.3/48         预约/预借

序号 登录号 条形码 馆藏地/架位号 状态 备注
1 0262545   000503208   第一样本阅览室/ [索取号:G254.3/48] 在馆    
唐山师范学院图书馆 欢迎您!
大连网信软件有限公司© 版权所有